Countries with highest death rate - Statistics

General Stats
  • This quiz has been taken 31 times
  • The average score is 4 of 10
Answer Stats
Death rate (deaths/1000 people) Countries % Correct
13.4 Afghanistan
76%
13.5 Russia
72%
14.4 Ukraine
55%
13.8 Chad
48%
14.5 Bulgaria
28%
14.5 Latvia
28%
14.6 Lithuania
24%
15 Lesotho
21%
13.6 Serbia
21%
13.9 Guinea-Bissau
10%
No matching quizzes found
Score Distribution
Percent of People with Each Score
Percentile by Number Answered
Your Score History
You have not taken this quiz